POHLAVNÍ DIMORFISMUS LEBEK VELKOMORAVSKÉ POPULACE Z MIKULČIC: GEOMETRICKÁ VERSUS KLASICKÁ MORFOMETRIE

Podrobná bibliografia
Hlavní autori: Velemínská, Jana (Autor), Velemínský, Petr (Autor), Bigoni, Lucie (Autor)
Médium: Článok
Jazyk:čeština

MARC

LEADER 00000nab a2200000 a 4500
001 vtls011117901
003 SK-MaSNL
005 20260303145322.0
008 230222|2007 xo |||||||||||||||||cze|
015 |a SNBRB 
035 |a (uuid)5ef051df-0832-49d9-9302-35611e0cfaeb 
035 |a (urnnbn)urn:nbn:sk:snk:ar-a08m5g 
035 |a urn:nbn:sk:snk-ab9o8a 
040 |a SNKBUCL  |b slo  |c SNKBUCL  |e AACR2 
041 0 |a cze 
044 |a xo  |c SK 
100 1 |a Velemínská, Jana  |4 aut  |9 799773 
245 1 0 |a POHLAVNÍ DIMORFISMUS LEBEK VELKOMORAVSKÉ POPULACE Z MIKULČIC: GEOMETRICKÁ VERSUS KLASICKÁ MORFOMETRIE  |c Jana Velemínská, Petr Velemínský, Lucie Bigoni 
700 1 |a Velemínský, Petr  |4 aut  |9 799756 
700 1 |a Bigoni, Lucie  |4 aut  |9 1167775 
773 0 |t Slovenská antropológia : bulletin Slovenskej antropologickej spoločnosti pri SAV  |g Roč. 10, č. 2 (2007), s. 92-97 
958 |a OND 
958 |a EUIPO 
958 |a article13 
999 |c 2002143  |d 2004073